000 02188cam a2200481Mi 4500
001 11135198
003 OSt
005 20240530110620.0
008 141224s2014 ua abe b 100 0 fre d
020 _a9782724706420
020 _a235159701X
035 _a(NNC)11135198
040 _cEG-CAGPL
082 0 4 _221
_a725.73\
_bB S
111 2 _aColloque international Balnéorient
_n(3rd :
_d2009 :
_cDamascus, Syria)
245 1 0 _a25 siècles de bain collectif en Orient :
_bProche-Orient, Égypte et péninsule Arabique : balaneia = thermae = hammāmāt : actes du 3e colloque international Balnéorient /
_cédité par Marie-Françoise Boussac, Sylvie Denoix, Thibaud Fournet et Bérangère Redon ; organisé par l'Institut français du Proche-Orient et la Direction Générale des Antiquités et des Musées de Syrie (Damas-Syrie/2-6 nov. 2009).
246 2 0 _aBalaneia, thermae, hammāmāt
264 1 _aLe Caire :
_bInstitut français d'archéologie orientale,
_c2014.
264 4 _c© 2014
300 _a4 volumes (1245 pages) :
_billustrations (some color), maps, plans ;
_c33 cm.
336 _atext
_btxt
_2rdacontent
337 _aunmediated
_bn
_2rdamedia
338 _avolume
_bnc
_2rdacarrier
490 1 _aPIFD ;
_vno 282
490 1 _aÉtudes urbaines,
_x1110-2497 ;
_vno 9
504 _aIncludes bibliographical references (v. 4, p. [1171]-1245).
546 _aFrench or English.
650 0 _aPublic baths
_zEgypt
_vCongresses.
650 0 _aPublic baths
_zArabian Peninsula
_vCongresses.
650 0 _aPublic baths
_zMiddle East
_vCongresses.
651 0 _aArabian Peninsula
_xAntiquities
_vCongresses.
651 0 _aMiddle East
_xAntiquities
_vCongresses.
651 0 _aEgypt
_xAntiquities
_vCongresses.
700 1 _aBoussac, Marie-Françoise,
_eeditor.
700 1 _aDenoix, Sylvie,
_eeditor.
700 1 _aFournet, Thibaud,
_eeditor.
700 1 _aRedon, Bérangère,
_eeditor.
710 2 _aInstitut français d'archéologie orientale du Caire,
_eissuing body.
710 2 _aInstitut français du Proche-Orient,
_eissuing body.
830 0 _aPublications de l'I.F.E.A.D. ;
_vno 282.
830 0 _aEtudes urbaines (Cairo, Egypt) ;
_vt. 9.
942 _2ddc
_cBK
999 _c63043
_d63043